đź“– 150 premiers mots "OĂą on va, papa ?" Jean-Louis Fournier - Statistiques

Statistiques générales
  • Ce quiz a Ă©tĂ© pris 17 fois
  • Le rĂ©sultat moyen est 106 sur 150
Statistiques - réponses
Mots % Correct
Ă 
100%
a
100%
ce
100%
de
100%
est
100%
l'
100%
n'
100%
On
100%
on
100%
ou
100%
oĂą
100%
pour
100%
Pour
100%
qu'
100%
que
100%
ai
90%
des
90%
en
90%
était
90%
j'
90%
Je
90%
je
90%
la
90%
le
90%
les
90%
lus
90%
Mathieu,
90%
Mathieu
90%
ne
90%
par
90%
pas
90%
pas,
90%
Thomas,
90%
'Tintin',
90%
un
90%
Un
90%
une
90%
dans
80%
jamais
80%
livre,
80%
livre.
80%
livre
80%
peine,
80%
plus
80%
Quand
80%
quand
80%
sur
80%
sur ...
80%
bien
70%
écrit
70%
exemple.
70%
fait,
70%
fois.
70%
mĂŞme
70%
toujours
70%
tous
70%
vous
70%
Vous
70%
vous.
70%
étiez
60%
lire.
60%
parti
60%
pu
60%
son
60%
aurait
50%
endroit
50%
eu
50%
petites
50%
petits,
50%
pourra
50%
saurez
50%
tĂŞte
50%
Maintenant
40%
maintenant
40%
oublie
40%
parler
40%
plusieurs
40%
saviez
40%
vais
40%
vos
40%
aider
30%
après.
30%
cadeaux
30%
Cher
30%
connais
30%
ensemble
30%
Noël,
30%
Noël
30%
nuages,
30%
offrir
30%
ballon
20%
chercher
20%
cubes
20%
fin,
20%
quelquefois
20%
soyez
20%
Jusqu'
10%
photo
10%
récupérer,
10%
seront
10%
seulement
10%
tentation,
10%
Terre,
10%
voitures...
10%
Aucun quiz correspondant
Distribution des résultats
% des personnes avec chaque résultat
Percentile par nombre de réponses
Votre historique - résultats
Vous n’avez pas pris ce quiz